00540nam a2200169 a 4500008004100000020001500041050001600056100002800072245005700100260005100157300003700208350000900245650002500254650004000279700002100319700003000340120416s1987 ||||||||||||||||| || u a0134615263 aHF 5415 Ree aReeder, Betty H., 1936-10aIndustrial marketing: analysis, planning and control aEnglewood Cliffs, N.J.bFT Prentice-Hallc1987 axviii, 654 pages : illustrations a0.00 aIndustrial marketing 0aMARKETING--MANAGEMENT--CASE STUDIES aReeder, Robert R aBrierty, Edward G., 1925-